| 000 | 00806nam a2200121Ia 4500 | ||
|---|---|---|---|
| 008 | 220615s9999||||xx |||||||||||||| ||und|| | ||
| 245 | 0 | _aElectrochemical Capacitors | |
| 546 | _aEnglish[eng] | ||
| 650 | _aCNT||copper||composite||energy storage||DC microgrid||energy management||hybrid power system||energy efficiency||nickel-cobalt hydroxide||activated carbon||hybrid capacitor prototype case study||KOH aqueous electrolyte energy storage device||coin-cell prototype||electrochemical performance||starch||porous structure||NiMoO4/3D-rGO nanocomposite||NiMoO4 NPs||ball milling||electric double-layer capacitor||supercapacitor||electrode||specific capacitance||energy density||power density | ||
| 700 | _aKumagai, Seiji||Tashima, Daisuke | ||
| 856 | _uhttps://mdpi.com/books/pdfview/book/2648 | ||
| 942 | _cEB | ||
| 999 |
_c17891 _d17891 |
||